书目信息 |
| 题名: |
百病自疗秘诀
|
|
| 作者: | 本书组编 | |
| 分册: | ||
| 出版信息: | 上海 上海科学技术文献出版社 1997.04 |
|
| 页数: | 257页 | |
| 开本: | 19cm | |
| 丛书名: | ||
| 单 册: | ||
| 中图分类: | R454.6 | |
| 科图分类: | ||
| 主题词: | 治疗学 | |
| 电子资源: | ||
| ISBN: | 7-5439-1073-X | |
| 000 | 00516nam0 2200181 450 | |
| 001 | 0855551275 | |
| 005 | 20080623152722.43 | |
| 010 | @a7-5439-1073-X@dCNY9.50 | |
| 100 | @a20080623d1997 km y0chiy0120 ea | |
| 101 | 0 | @achi |
| 102 | @aCN@b310000 | |
| 200 | 1 | @a百病自疗秘诀@Abai bing zi liao mi jue@f本书组编@Fben shu zu bian |
| 210 | @a上海@c上海科学技术文献出版社@d1997.04 | |
| 215 | @a257页@d19cm | |
| 606 | 0 | @a治疗学 |
| 690 | @aR454.6@v4 | |
| 801 | 0 | @aCN@b山东省滨州职业学院图书馆@c20080623 |
| 905 | @aBZT@dR454.6@e1 | |
| 百病自疗秘诀/本书组编.-上海:上海科学技术文献出版社,1997.04 |
| 257页;19cm |
| ISBN 7-5439-1073-X:CNY9.50 |
| ● |
| 相关链接 |
|
|
|
正题名:百病自疗秘诀
索取号:R454.6/1
 
预约/预借
| 序号 | 登录号 | 条形码 | 馆藏地/架位号 | 状态 | 备注 |
| 1 | 685223 | 2000685223 | 中心书库中库/ 中库008架A面3列1层3/ [索取号:R454.6/1] | 在馆 | |
| 2 | 685224 | 2000685224 | 中心书库中库/ 中库008架A面3列1层9/ [索取号:R454.6/1] | 在馆 |